Statistics for Futurama quiz

Click here to take the quiz!

General Stats

  • This quiz has been taken 745 times
    (737 since last reset)
  • The average score is 13 of 18

Answer Stats

QuestionAnswer% Correct
Who does Fry have a crush on?Taronga, Leela
98%
Fry was frozen for _____ years?1,000
95%
What is the name of the company Fry works for?Planet Express
92%
What planet do Amy's parents live on?Mars
91%
Who was the Professors old lover?Mom
91%
What is Benders last name?Rodriguez
89%
What was Fry's job before he came to the future?Pizza delivery boy
87%
Where is Hermes from?Jamaica
84%
What show is Calculon most popular for?All My Circuits
81%
Captain ____ ____ is love with Leela?Zapp Brannigan
80%
What is the name of the insane red robot?Roberto
75%
What type of fish did Zoidbergs species wipe out?Anchovies
67%
What is Dr. Zoidbergs first name?John
63%
What is the name of the alien species always trying to take over Earth?Omicronians
53%
and where did he work?Panuccis Pizza
53%
Where does the drink Slurm come from?A giant worms butt
46%
What is the name of Leela's singing butt boil?Susan
44%
What is the name of Zoidbergs species?Decapodians
18%

Score Distribution

Percentile by Number Answered

Percent of People with Each Score

Your Score History

You have not taken this quiz since the last reset